Pays d'Amérique du Nord Aléatoires - Carte Quiz - Statistiques

Statistiques générales
  • Ce quiz a été pris 3 082 fois
  • Le résultat moyen est 6 sur 8
Réponses sur la Carte
Les réponses sont colorées sur une échelle allant du rouge au vert en fonction du pourcentage des utilisateurs qui les ont devinées à leur premier essai. Vous pouvez retrouver ces pourcentages ci-dessous.
 
Statistiques - réponses
Réponse % Correct
Etats-Unis
94%
Canada
93%
Mexique
93%
Cuba
83%
Panama
83%
Bahamas
80%
Haïti
78%
Belize
77%
République dominicaine
76%
Salvador
75%
Guatemala
74%
Costa Rica
72%
Honduras
72%
Jamaïque
72%
Nicaragua
72%
Trinité-et-Tobago
65%
Antigua-et-Barbuda
62%
Saint-Vincent-et-les- Grenadines
62%
Sainte-Lucie
60%
Saint-Christophe- et-Niévès
57%
Barbade
55%
Dominique
50%
Grenade
48%
Aucun quiz correspondant
Distribution des résultats
% des personnes avec chaque résultat
Percentile par nombre de réponses
Votre historique - résultats
Vous n’avez pas pris ce quiz